Clubs Francais ayant disputé la C1/LDC - Statistiques

Statistiques générales
  • Ce quiz a été pris 380 fois
  • Le résultat moyen est 15 sur 18
Statistiques - réponses
Equipes nombre participations % Correct
Marseille 17
99%
Lyon 18
97%
Lille 9
96%
Monaco 19
95%
Saint-Etienne 10
93%
Bordeaux 7
92%
Lens 3
91%
Nice 3
88%
Rennes 1
88%
Paris SG 18
87%
Brest 1
86%
Nantes 8
85%
Reims 4
84%
Strasbourg 1
81%
Toulouse 1
81%
Montpellier 1
78%
Auxerre 3
71%
Metz 1
59%
Aucun quiz correspondant
Distribution des résultats
% des personnes avec chaque résultat
Percentile par nombre de réponses
Votre historique - résultats
Vous n’avez pas pris ce quiz